Kvalita podniků v cestovním ruchu v ČR

Analýza kvality podnikov v cestovnom ruchu v Českej republike.

Gespeichert in:
Bibliographische Detailangaben
1. Verfasser: Suchánek, Petr
Format: Buchkapitel
Sprache:Tschechisch
Schlagworte:
Tags: Tag hinzufügen
Keine Tags, Fügen Sie das erste Tag hinzu!

MARC

LEADER 00000naa a2200000 4500
001 0208187
005 20231127124234.1
041 0 |a cze 
044 |a CZ 
245 1 0 |a Kvalita podniků v cestovním ruchu v ČR  |c Petr Suchánek 
520 |a Analýza kvality podnikov v cestovnom ruchu v Českej republike. 
610 2 0 |a podnik ruchu cestovného 
610 2 0 |a Česko 
610 2 0 |a analýza ekonomická 
100 1 |a Suchánek, Petr